[Event "ODJM A 2018"]
[Site "Willingen GER"]
[Date "2018.05.22"]
[Round "4"]
[White "Buller, Ian Joshua"]
[Black "Gorainow, Nikita"]
[Result "1-0"]
[Termination "normal"]
[Board "35"]
[WhiteElo "1779"]
[BlackElo "1893"]
[PlyCount "131"]
[WhiteFideId "12990655"]
[BlackFideId "12970093"]
[EventCountry "GER"]
[EventRounds "9"]
[EventType "swiss"]
[EventDate "2018.05.19"]

1. e4 c5 2. Nf3 Nc6 3. Bb5 g6 4. Bxc6 bxc6 5. O-O Bg7 6. Re1 Nf6 7. e5 Nd5 8.
c4 Nc7 9. d4 cxd4 10. Qxd4 O-O 11. Qh4 Ne6 12. b3 f6 13. Bb2 d6 14. exd6 exd6
15. Qe4 Nc5 16. Qe3 Bf5 17. Nd4 Re8 18. Qxe8+ Qxe8 19. Rxe8+ Rxe8 20. Nc3 Bd7
21. Rd1 f5 22. Nf3 Nb7 23. Kf1 Kf8 24. Na4 Bh6 25. Ba3 c5 26. Nxc5 dxc5 27.
Rxd7 Re7 28. Rd5 Rc7 29. Ne5 Ke8 30. Nd3 Bf8 31. Ke2 Rd7 32. Rxd7 Kxd7 33. Kf3
Ke6 34. Ke3 Bh6+ 35. f4 Bf8 36. g3 Bd6 37. b4 cxb4 38. Bxb4 Bxb4 39. Nxb4 Nc5
40. Nd3 Ne4 41. Kd4 Kd6 42. Ne5 Nd2 43. Kd3 Ne4 44. Kd4 Nd2 45. c5+ Kc7 46. Kd5
Nf1 47. Nf3 Ne3+ 48. Kd4 Nc2+ 49. Kc4 Ne3+ 50. Kd3 Nd5 51. Kd4 Nb4 52. a4 a6
53. Ng5 Kc6 54. Nxh7 Nc2+ 55. Kc3 Ne3 56. Nf8 Kxc5 57. Nxg6 Kd6 58. Nh4 Ke6 59.
Nf3 Kd5 60. h4 Ng4 61. h5 Nh6 62. Ng5 Kc5 63. Kb3 Kd5 64. Kb4 Kc6 65. Ka5 Kb7
66. Ne6 1-0

[Event "ODJM A 2018"]
[Site "Willingen GER"]
[Date "2018.05.22"]
[Round "4"]
[White "Möller, Lisa-Marie"]
[Black "Zeuner, Ole"]
[Result "1-0"]
[Termination "normal"]
[Board "36"]
[WhiteElo "1865"]
[BlackElo "1982"]
[PlyCount "75"]
[WhiteFideId "12959367"]
[BlackFideId "12943576"]
[EventCountry "GER"]
[EventRounds "9"]
[EventType "swiss"]
[EventDate "2018.05.19"]

1. e4 e5 2. Nc3 Nf6 3. f4 d5 4. fxe5 Nxe4 5. Qf3 Nxc3 6. bxc3 Be7 7. d4 f6 8.
exf6 Bxf6 9. Bd3 O-O 10. Qh5 g6 11. Qh6 Bg4 12. Ne2 Qe7 13. Qe3 Re8 14. Qxe7
Rxe7 15. Ba3 Re3 16. Kf2 Bg5 17. Bc1 Rxd3 18. cxd3 Bxc1 19. Raxc1 Nd7 20. Nf4
Nf6 21. h3 Bd7 22. g4 Rf8 23. Kg3 g5 24. Ng2 Bb5 25. Rcd1 h6 26. Rhe1 Rf7 27.
Re3 Bd7 28. Ne1 h5 29. Re5 hxg4 30. Rxg5+ Rg7 31. Rxg7+ Kxg7 32. hxg4 Bxg4 33.
Rb1 b6 34. Nf3 Bf5 35. Ne5 Nd7 36. Kf4 Nxe5 37. Kxe5 Bxd3 38. Rg1+ 1-0

[Event "ODJM A 2018"]
[Site "Willingen GER"]
[Date "2018.05.22"]
[Round "4"]
[White "Askerov, Imamali"]
[Black "Perkampus, Laurin"]
[Result "1-0"]
[Termination "normal"]
[Board "37"]
[WhiteElo "1935"]
[BlackElo "1628"]
[PlyCount "153"]
[WhiteFideId "12974498"]
[BlackFideId "16232283"]
[EventCountry "GER"]
[EventRounds "9"]
[EventType "swiss"]
[EventDate "2018.05.19"]

1. e4 c5 2. Nf3 d6 3. d4 cxd4 4. Nxd4 Nf6 5. Nc3 g6 6. f3 Bg7 7. Be3 Nc6 8. Qd2
O-O 9. O-O-O Nxd4 10. Bxd4 Be6 11. Kb1 Qc7 12. g4 Rfc8 13. h4 Qa5 14. a3 Rab8
15. Bxf6 Bxf6 16. Nd5 Qxd2 17. Nxf6+ exf6 18. Rxd2 Rd8 19. Be2 Kf8 20. f4 Rbc8
21. Rd4 f5 22. gxf5 gxf5 23. Bd3 fxe4 24. Bxe4 Rc5 25. Bxh7 Rh5 26. Be4 b5 27.
Bf3 Rh6 28. h5 Ke7 29. Rg1 Rc8 30. Rg5 Rc5 31. Kc1 a5 32. Kd2 a4 33. Be2 f6 34.
Rxc5 dxc5 35. Re4 f5 36. Re5 Kd6 37. Bxb5 Rxh5 38. Bxa4 Rh4 39. Ke3 Rh3+ 40.
Kf2 Rh4 41. Kg3 Rg4+ 42. Kf3 Bd5+ 43. Ke3 Be4 44. Bb3 Rg3+ 45. Kd2 Rf3 46. a4
Rxf4 47. Re6+ Kd7 48. Rf6 Kc7 49. a5 Kb7 50. Ke2 Rh4 51. Ke3 Rh2 52. a6+ Ka7
53. Bc4 Rxc2 54. b3 Ra2 55. Kf4 Rd2 56. Ke5 Rd4 57. Rf7+ Ka8 58. Rc7 Rd1 59.
Rxc5 Re1 60. Kf4 Rb1 61. Rc8+ Ka7 62. Rf8 Rb2 63. Ke5 Ra2 64. Kd4 Rf2 65. Kc5
Rh2 66. Rf7+ Ka8 67. b4 Rh5 68. b5 Rh6 69. Re7 Rf6 70. b6 Bc6 71. Rc7 Rf8 72.
Rxc6 f4 73. Bd5 Kb8 74. a7+ Kb7 75. Rf6+ Ka6 76. Rxf8 f3 77. a8=Q# 1-0

[Event "ODJM A 2018"]
[Site "Willingen GER"]
[Date "2018.05.22"]
[Round "4"]
[White "Müller, Magnus"]
[Black "Matthes, Aaron"]
[Result "0-1"]
[Termination "normal"]
[Board "38"]
[WhiteElo "1782"]
[BlackElo "1689"]
[PlyCount "56"]
[WhiteFideId "16230060"]
[BlackFideId "16227310"]
[EventCountry "GER"]
[EventRounds "9"]
[EventType "swiss"]
[EventDate "2018.05.19"]

1. Nf3 d5 2. g3 Nf6 3. Bg2 c5 4. O-O Nc6 5. d4 e6 6. b3 b6 7. Bb2 Bb7 8. Nbd2
Bd6 9. c4 O-O 10. Qc2 Rc8 11. e3 Qe7 12. Rac1 Rfd8 13. Qb1 cxd4 14. exd4 Bb4
15. Rfd1 dxc4 16. Nxc4 Nd5 17. a3 Bd6 18. Nxd6 Rxd6 19. Ne5 Nxe5 20. Rxc8+ Bxc8
21. dxe5 Rd7 22. b4 Bb7 23. f4 Ne3 24. Rxd7 Qxd7 25. Be4 Bxe4 26. Qxe4 Qd1+ 27.
Kf2 Ng4+ 28. Kg2 Qd2+ 0-1

[Event "ODJM A 2018"]
[Site "Willingen GER"]
[Date "2018.05.22"]
[Round "4"]
[White "Grunert, Friedrich"]
[Black "Fistoul, Boris"]
[Result "1-0"]
[Termination "normal"]
[Board "39"]
[WhiteElo "1828"]
[BlackElo "1953"]
[PlyCount "71"]
[WhiteFideId "12995592"]
[BlackFideId "12953962"]
[EventCountry "GER"]
[EventRounds "9"]
[EventType "swiss"]
[EventDate "2018.05.19"]

1. e4 e6 2. d4 b6 3. Bd3 Bb7 4. Ne2 c5 5. c3 Nf6 6. Nd2 Nc6 7. O-O cxd4 8. cxd4
Nb4 9. Bb1 Ba6 10. Nf3 Be7 11. a3 Nc6 12. Re1 d5 13. e5 Nd7 14. Nf4 Rc8 15. Nh5
O-O 16. Qd2 f5 17. exf6 Bxf6 18. Rxe6 Na5 19. Ba2 Bc4 20. b4 Nb3 21. Bxb3 Bxb3
22. Qe1 Bc2 23. Ne5 Bxe5 24. dxe5 Bf5 25. Rd6 Qe8 26. Nxg7 Kxg7 27. Bh6+ Kg8
28. Bxf8 Qxf8 29. Rxd5 Re8 30. f4 Be6 31. Qg3+ Kh8 32. Rd4 Qf7 33. Rad1 Rg8 34.
Qd3 Rd8 35. Qc3 Rf8 36. Rxd7 1-0

[Event "ODJM A 2018"]
[Site "Willingen GER"]
[Date "2018.05.22"]
[Round "4"]
[White "Englert, Jon"]
[Black "Günther, Emil"]
[Result "1-0"]
[Termination "normal"]
[Board "40"]
[WhiteElo "2031"]
[BlackElo "1584"]
[PlyCount "45"]
[WhiteFideId "12992275"]
[BlackFideId "16228154"]
[EventCountry "GER"]
[EventRounds "9"]
[EventType "swiss"]
[EventDate "2018.05.19"]

1. d4 Nf6 2. c4 e6 3. Nc3 d5 4. cxd5 exd5 5. Bg5 Be7 6. Qc2 O-O 7. e3 b6 8. Bd3
h6 9. h4 Ba6 10. Nf3 Bxd3 11. Qxd3 c6 12. Bxf6 Bxf6 13. g4 Re8 14. O-O-O Kf8
15. Rdg1 Qd6 16. g5 Bd8 17. Ne5 Ke7 18. e4 a6 19. exd5 cxd5 20. Re1 Kf8 21. Qh7
Rxe5 22. Rxe5 f6 23. Qh8+ 1-0

[Event "ODJM A 2018"]
[Site "Willingen GER"]
[Date "2018.05.22"]
[Round "4"]
[White "Buhr, Patrick"]
[Black "Brandl, Lea Maria"]
[Result "1/2-1/2"]
[Termination "normal"]
[Board "41"]
[WhiteElo "1797"]
[BlackElo "1932"]
[PlyCount "56"]
[WhiteFideId "16206436"]
[BlackFideId "24693049"]
[EventCountry "GER"]
[EventRounds "9"]
[EventType "swiss"]
[EventDate "2018.05.19"]

1. c4 e6 2. g3 d5 3. cxd5 exd5 4. Bg2 Nf6 5. d4 Bd6 6. Bg5 c6 7. Nc3 h6 8. Bxf6
Qxf6 9. Rc1 O-O 10. Nf3 Nd7 11. O-O Qe7 12. Re1 f5 13. Nh4 Qf7 14. f4 Nf6 15.
Nf3 Be6 16. Qb3 Rab8 17. Na4 Ne4 18. Ne5 Qe8 19. Rc2 Kh7 20. a3 Rg8 21. Rec1 g5
22. e3 h5 23. Qd3 Rg7 24. Qf1 h4 25. Bxe4 dxe4 26. Rg2 h3 27. Rf2 g4 28. Nc5
Bxc5 1/2-1/2

[Event "ODJM A 2018"]
[Site "Willingen GER"]
[Date "2018.05.22"]
[Round "4"]
[White "Jurga, Jonas Vincent"]
[Black "Herbrig, Marie-Helén"]
[Result "1-0"]
[Termination "normal"]
[Board "42"]
[WhiteElo "1857"]
[BlackElo "1909"]
[PlyCount "113"]
[WhiteFideId "12968013"]
[BlackFideId "12900427"]
[EventCountry "GER"]
[EventRounds "9"]
[EventType "swiss"]
[EventDate "2018.05.19"]

1. e4 c5 2. Nf3 Nc6 3. d4 cxd4 4. Nxd4 Nf6 5. Nc3 d6 6. Bg5 e6 7. Qd2 a6 8.
O-O-O Be7 9. f4 Qc7 10. Be2 b5 11. e5 Nxd4 12. Qxd4 dxe5 13. fxe5 Bc5 14. Qf4
Nd7 15. Bf3 Rb8 16. Ne4 O-O 17. Rhe1 Bb7 18. Rxd7 Qxd7 19. Nxc5 Qc7 20. Nxb7
Rfc8 21. Qd2 Rxb7 22. Bxb7 Qxb7 23. Rd1 h6 24. Bh4 Qe4 25. Bg3 a5 26. Re1 Qc4
27. Kb1 b4 28. Qd3 Qc6 29. Qe4 Qc5 30. Rd1 a4 31. b3 Qa5 32. Bh4 Qb6 33. Be7
Rb8 34. Bxb4 axb3 35. cxb3 f5 36. exf6 Qxb4 37. Qxe6+ Kh7 38. Qf5+ Kg8 39. Qg6
Qb7 40. Qxg7+ Qxg7 41. fxg7 Kxg7 42. Kb2 Rf8 43. Rd2 Kg6 44. a4 Ra8 45. Ka3 Kf5
46. b4 Ke4 47. b5 Ke3 48. Rb2 Kd4 49. b6 Kc5 50. b7 Rb8 51. a5 Kc6 52. a6 Kc7
53. a7 Rxb7 54. a8=Q Rxb2 55. Kxb2 h5 56. Qa6 Kb8 57. Kb3 1-0

[Event "ODJM A 2018"]
[Site "Willingen GER"]
[Date "2018.05.23"]
[Round "5"]
[White "Savchenko, Daniel"]
[Black "Borchert, René"]
[Result "0-1"]
[Termination "normal"]
[Board "1"]
[WhiteElo "2117"]
[BlackElo "2186"]
[WhiteClock "00:30:07"]
[BlackClock "00:18:10"]
[PlyCount "64"]
[WhiteFideId "12919195"]
[BlackFideId "12990671"]
[EventCountry "GER"]
[EventRounds "9"]
[EventType "swiss"]
[EventDate "2018.05.19"]

1. e4 {[%clk 1:30:57]} 1... e5 {[%clk 1:30:57]} 2. Nf3 {[%clk 1:31:19]} 2...
Nc6 {[%clk 1:31:24]} 3. Bb5 {[%clk 1:31:39]} 3... a6 {[%clk 1:31:51]} 4. Ba4 {
[%clk 1:32:01]} 4... Nf6 {[%clk 1:32:17]} 5. d3 {[%clk 1:32:20]} 5... d6 {
[%clk 1:30:31]} 6. c3 {[%clk 1:31:40]} 6... g6 {[%clk 1:26:38]} 7. O-O { [%clk
1:30:44]} 7... Bg7 {[%clk 1:26:39]} 8. Re1 {[%clk 1:31:00]} 8... O-O { [%clk
1:26:54]} 9. Nbd2 {[%clk 1:31:23]} 9... Nh5 {[%clk 1:22:11]} 10. Nf1 { [%clk
1:29:40]} 10... Kh8 {[%clk 1:19:55]} 11. Be3 {[%clk 1:21:25]} 11... Rb8 { [%clk
0:55:15]} 12. h3 {[%clk 1:18:01]} 12... b5 {[%clk 0:50:07]} 13. Bb3 { [%clk
1:17:08]} 13... Na5 {[%clk 0:47:54]} 14. Bc2 {[%clk 1:17:29]} 14... c5 { [%clk
0:48:02]} 15. Qd2 {[%clk 1:04:18]} 15... b4 {[%clk 0:42:24]} 16. Bh6 { [%clk
0:59:16]} 16... Nf4 {[%clk 0:41:18]} 17. Bxg7+ {[%clk 0:58:27]} 17... Kxg7
{[%clk 0:41:44]} 18. d4 {[%clk 0:56:43]} 18... bxc3 {[%clk 0:33:45]} 19. bxc3
{[%clk 0:56:16]} 19... Nc4 {[%clk 0:31:21]} 20. Qd1 {[%clk 0:53:13]} 20... Qa5
{[%clk 0:28:41]} 21. Ne3 {[%clk 0:46:54]} 21... Nb2 {[%clk 0:26:13]} 22. Qd2
{[%clk 0:47:15]} 22... cxd4 {[%clk 0:25:01]} 23. cxd4 {[%clk 0:41:26]} 23...
Qxd2 {[%clk 0:25:26]} 24. Nxd2 {[%clk 0:41:50]} 24... exd4 { [%clk 0:25:53]}
25. Nec4 {[%clk 0:41:38]} 25... Be6 {[%clk 0:18:22]} 26. Nxd6 { [%clk 0:38:56]}
26... Rfd8 {[%clk 0:18:43]} 27. e5 {[%clk 0:39:08]} 27... Nbd3 {[%clk 0:18:38]}
28. Bxd3 {[%clk 0:33:08]} 28... Nxd3 {[%clk 0:19:03]} 29. Re4 {[%clk 0:33:01]}
29... Nxe5 {[%clk 0:17:26]} 30. Rxd4 {[%clk 0:33:14]} 30... Nc6 {[%clk
0:17:36]} 31. Rd3 {[%clk 0:33:09]} 31... Nb4 {[%clk 0:18:00]} 32. Rd4 {[%clk
0:30:07]} 32... Nc2 {[%clk 0:18:10]} 0-1

[Event "ODJM A 2018"]
[Site "Willingen GER"]
[Date "2018.05.23"]
[Round "5"]
[White "Syrov, Arkadi"]
[Black "Heldt, Maximilian"]
[Result "1/2-1/2"]
[Termination "normal"]
[Board "2"]
[WhiteElo "2291"]
[BlackElo "2050"]
[WhiteClock "01:01:46"]
[BlackClock "00:28:06"]
[PlyCount "116"]
[WhiteFideId "12942448"]
[BlackFideId "12952346"]
[EventCountry "GER"]
[EventRounds "9"]
[EventType "swiss"]
[EventDate "2018.05.19"]

1. e4 {[%clk 1:30:57]} 1... e6 {[%clk 1:30:53]} 2. d4 {[%clk 1:31:25]} 2... d5
{[%clk 1:31:18]} 3. Nc3 {[%clk 1:31:52]} 3... Nf6 {[%clk 1:31:13]} 4. e5 {
[%clk 1:32:19]} 4... Nfd7 {[%clk 1:31:12]} 5. f4 {[%clk 1:32:45]} 5... c5 {
[%clk 1:30:56]} 6. Nf3 {[%clk 1:33:10]} 6... Nc6 {[%clk 1:30:58]} 7. Be3 {
[%clk 1:33:35]} 7... cxd4 {[%clk 1:12:53]} 8. Nxd4 {[%clk 1:33:56]} 8... Bc5 {
[%clk 1:06:54]} 9. Qd2 {[%clk 1:34:16]} 9... Nxd4 {[%clk 1:04:53]} 10. Bxd4 {
[%clk 1:34:39]} 10... Bxd4 {[%clk 1:05:16]} 11. Qxd4 {[%clk 1:35:05]} 11... O-O
{[%clk 1:05:36]} 12. O-O-O {[%clk 1:35:07]} 12... f6 {[%clk 1:06:00]} 13. exf6
{[%clk 1:34:49]} 13... Qxf6 {[%clk 1:02:05]} 14. g3 {[%clk 1:35:10]} 14... Nb6
{[%clk 0:59:19]} 15. Qxf6 {[%clk 1:23:27]} 15... Rxf6 {[%clk 0:53:11]} 16. a4 {
[%clk 1:18:49]} 16... Bd7 {[%clk 0:51:05]} 17. b3 {[%clk 1:16:03]} 17... Bc6 {
[%clk 0:48:59]} 18. Ne2 {[%clk 1:15:41]} 18... Re8 {[%clk 0:47:56]} 19. Nd4 {
[%clk 1:15:58]} 19... e5 {[%clk 0:46:38]} 20. fxe5 {[%clk 1:16:23]} 20... Rxe5
{[%clk 0:46:44]} 21. Bd3 {[%clk 1:16:00]} 21... Nd7 {[%clk 0:44:11]} 22. Rhf1 {
[%clk 1:14:17]} 22... Rxf1 {[%clk 0:42:16]} 23. Rxf1 {[%clk 1:14:41]} 23... Nc5
{[%clk 0:41:57]} 24. Kd2 {[%clk 1:10:15]} 24... Bd7 {[%clk 0:38:13]} 25. Re1 {
[%clk 1:02:30]} 25... Nxd3 {[%clk 0:35:14]} 26. cxd3 {[%clk 1:02:55]} 26...
Rxe1 {[%clk 0:35:38]} 27. Kxe1 {[%clk 1:03:21]} 27... Kf7 {[%clk 0:35:58]} 28.
Kd2 {[%clk 1:02:06]} 28... Ke7 {[%clk 0:33:28]} 29. Nc2 {[%clk 1:00:11]} 29...
Kd6 {[%clk 0:33:15]} 30. d4 {[%clk 1:00:32]} 30... a5 {[%clk 0:28:51]} 31. Ne3
{[%clk 0:58:17]} 31... g6 {[%clk 0:27:35]} 32. Kc3 {[%clk 0:58:25]} 32... b6 {
[%clk 0:23:40]} 33. Kd2 {[%clk 0:53:39]} 33... b5 {[%clk 0:17:23]} 34. axb5 {
[%clk 0:54:03]} 34... Bxb5 {[%clk 0:17:51]} 35. Kc3 {[%clk 0:54:27]} 35... Bd7
{[%clk 0:17:30]} 36. b4 {[%clk 0:52:55]} 36... axb4+ {[%clk 0:17:56]} 37. Kxb4
{[%clk 0:53:21]} 37... Bc8 {[%clk 0:17:19]} 38. Kb5 {[%clk 0:53:34]} 38... Bd7+
{[%clk 0:17:29]} 39. Kb6 {[%clk 0:53:59]} 39... Bc8 {[%clk 0:17:45]} 40. Nd1 {
[%clk 0:54:05]} 40... Bg4 {[%clk 0:16:35]} 41. Nc3 {[%clk 0:54:23]} 41... Bd7 {
[%clk 0:15:32]} 42. Nb5+ {[%clk 0:54:45]} 42... Ke6 {[%clk 0:12:42]} 43. Nc7+ {
[%clk 0:45:46]} 43... Kd6 {[%clk 0:12:53]} 44. Na6 {[%clk 0:46:08]} 44... Bc8 {
[%clk 0:10:08]} 45. Nc5 {[%clk 0:46:28]} 45... h5 {[%clk 0:07:44]} 46. Nd3 {
[%clk 0:42:27]} 46... Bf5 {[%clk 0:04:32]} 47. Nf4 {[%clk 0:42:19]} 47... Be4 {
[%clk 0:04:55]} 48. Kb7 {[%clk 0:42:24]} 48... Kd7 {[%clk 0:04:23]} 49. Kb8 {
[%clk 0:39:10]} 49... Kc6 {[%clk 0:04:08]} 50. Ne6 {[%clk 0:36:52]} 50... Kb6 {
[%clk 0:00:35]} 51. Kc8 {[%clk 0:35:59]} 51... Kb5 {[%clk 0:28:42]} 52. Kd7 {
[%clk 1:06:09]} 52... Kc4 {[%clk 0:29:03]} 53. Kd6 {[%clk 1:06:35]} 53... Bf5 {
[%clk 0:29:24]} 54. Nf4 {[%clk 1:07:00]} 54... Kxd4 {[%clk 0:29:13]} 55. Nxd5 {
[%clk 1:07:25]} 55... Ke4 {[%clk 0:28:59]} 56. Nf4 {[%clk 1:06:29]} 56... Kf3 {
[%clk 0:28:57]} 57. Ke5 {[%clk 1:06:02]} 57... Kg4 {[%clk 0:28:23]} 58. Kf6 {
[%clk 1:01:46]} 58... h4 {[%clk 0:28:06]} 1/2-1/2

[Event "ODJM A 2018"]
[Site "Willingen GER"]
[Date "2018.05.23"]
[Round "5"]
[White "Krause, Benedict"]
[Black "Ehmann, Thilo"]
[Result "1/2-1/2"]
[Termination "normal"]
[Board "3"]
[WhiteTitle "FM"]
[BlackTitle "FM"]
[WhiteElo "2448"]
[BlackElo "2287"]
[WhiteClock "00:10:51"]
[BlackClock "00:10:12"]
[PlyCount "107"]
[WhiteFideId "12917990"]
[BlackFideId "12940968"]
[EventCountry "GER"]
[EventRounds "9"]
[EventType "swiss"]
[EventDate "2018.05.19"]

1. e4 {[%clk 1:30:58]} 1... e5 {[%clk 1:30:58]} 2. Nf3 {[%clk 1:31:20]} 2...
Nc6 {[%clk 1:31:25]} 3. Bc4 {[%clk 1:31:44]} 3... Bc5 {[%clk 1:31:50]} 4. O-O {
[%clk 1:32:08]} 4... Nf6 {[%clk 1:32:16]} 5. d3 {[%clk 1:32:33]} 5... a6 {
[%clk 1:32:37]} 6. c3 {[%clk 1:32:56]} 6... Ba7 {[%clk 1:33:00]} 7. Bb3 { [%clk
1:33:19]} 7... d6 {[%clk 1:33:25]} 8. Nbd2 {[%clk 1:33:24]} 8... h6 { [%clk
1:33:08]} 9. Re1 {[%clk 1:33:42]} 9... Be6 {[%clk 1:20:32]} 10. Nf1 { [%clk
1:29:36]} 10... O-O {[%clk 1:16:47]} 11. h3 {[%clk 1:28:59]} 11... Nh5 { [%clk
1:12:35]} 12. Be3 {[%clk 1:14:54]} 12... Qf6 {[%clk 1:01:48]} 13. Bc2 { [%clk
1:07:57]} 13... Bxe3 {[%clk 0:55:26]} 14. Nxe3 {[%clk 0:52:24]} 14... Nf4
{[%clk 0:52:10]} 15. d4 {[%clk 0:47:00]} 15... Ne7 {[%clk 0:51:35]} 16. Kh2 {
[%clk 0:37:59]} 16... Rfe8 {[%clk 0:42:24]} 17. Ng1 {[%clk 0:31:26]} 17... g6 {
[%clk 0:21:04]} 18. g3 {[%clk 0:28:16]} 18... Nh5 {[%clk 0:19:52]} 19. Qd2 {
[%clk 0:27:11]} 19... Qg7 {[%clk 0:19:22]} 20. Nf3 {[%clk 0:25:47]} 20... Qf6 {
[%clk 0:11:25]} 21. Qe2 {[%clk 0:19:31]} 21... Ng7 {[%clk 0:10:18]} 22. Ng4 {
[%clk 0:17:31]} 22... Bxg4 {[%clk 0:10:43]} 23. hxg4 {[%clk 0:17:58]} 23... Ne6
{[%clk 0:09:45]} 24. Rad1 {[%clk 0:16:32]} 24... Ng5 {[%clk 0:09:49]} 25. Nxg5
{[%clk 0:15:40]} 25... hxg5 {[%clk 0:09:06]} 26. Kg2 {[%clk 0:14:34]} 26...
Rad8 {[%clk 0:07:31]} 27. Bb3 {[%clk 0:14:08]} 27... Nc6 {[%clk 0:06:29]} 28.
Qd3 {[%clk 0:11:38]} 28... Na5 {[%clk 0:05:45]} 29. Bc2 {[%clk 0:10:42]} 29...
b5 {[%clk 0:05:17]} 30. b3 {[%clk 0:07:10]} 30... c6 {[%clk 0:03:24]} 31. a4 {
[%clk 0:06:52]} 31... d5 {[%clk 0:02:42]} 32. axb5 {[%clk 0:05:56]} 32... axb5
{[%clk 0:02:51]} 33. exd5 {[%clk 0:05:21]} 33... Rxd5 {[%clk 0:02:14]} 34. Qe2
{[%clk 0:02:49]} 34... Re6 {[%clk 0:01:32]} 35. Qf3 {[%clk 0:01:15]} 35...
Qxf3+ {[%clk 0:01:08]} 36. Kxf3 {[%clk 0:01:41]} 36... Rf6+ {[%clk 0:01:32]}
37. Kg2 {[%clk 0:01:31]} 37... exd4 {[%clk 0:01:59]} 38. Rxd4 {[%clk 0:01:08]}
38... Rxd4 {[%clk 0:01:56]} 39. cxd4 {[%clk 0:01:33]} 39... Rd6 {[%clk 0:01:36]
} 40. Rd1 {[%clk 0:01:57]} 40... Nb7 {[%clk 0:01:26]} 41. b4 {[%clk 0:00:55]}
41... Nd8 {[%clk 0:27:03]} 42. Bb3 {[%clk 0:21:38]} 42... Ne6 {[%clk 0:22:35]}
43. d5 {[%clk 0:18:26]} 43... cxd5 {[%clk 0:22:48]} 44. Bxd5 {[%clk 0:16:29]}
44... Kg7 {[%clk 0:22:22]} 45. Kf3 {[%clk 0:15:38]} 45... f5 {[%clk 0:12:26]}
46. gxf5 {[%clk 0:14:20]} 46... gxf5 {[%clk 0:12:52]} 47. Bb3 {[%clk 0:11:52]}
47... Rxd1 {[%clk 0:10:07]} 48. Bxd1 {[%clk 0:12:16]} 48... Nd4+ { [%clk
0:10:22]} 49. Ke3 {[%clk 0:12:40]} 49... Nc6 {[%clk 0:10:38]} 50. Be2 { [%clk
0:13:02]} 50... Nxb4 {[%clk 0:10:11]} 51. Bxb5 {[%clk 0:13:25]} 51... f4+
{[%clk 0:09:53]} 52. Ke4 {[%clk 0:10:45]} 52... fxg3 {[%clk 0:10:13]} 53. fxg3
{[%clk 0:11:07]} 53... Kf6 {[%clk 0:10:12]} 54. g4 {[%clk 0:10:51]} 1/2-1/2

[Event "ODJM A 2018"]
[Site "Willingen GER"]
[Date "2018.05.23"]
[Round "5"]
[White "Arndt, Magnus"]
[Black "Holtel, Jasper"]
[Result "1/2-1/2"]
[Termination "normal"]
[Board "4"]
[BlackTitle "FM"]
[WhiteElo "2120"]
[BlackElo "2240"]
[WhiteClock "00:04:41"]
[BlackClock "00:07:02"]
[PlyCount "65"]
[WhiteFideId "12998656"]
[BlackFideId "12956376"]
[EventCountry "GER"]
[EventRounds "9"]
[EventType "swiss"]
[EventDate "2018.05.19"]

1. e4 {[%clk 1:30:58]} 1... c5 {[%clk 1:23:52]} 2. Nf3 {[%clk 1:31:20]} 2... d6
{[%clk 1:24:05]} 3. c3 {[%clk 1:31:46]} 3... Nf6 {[%clk 1:24:29]} 4. Be2 {
[%clk 1:32:10]} 4... g6 {[%clk 1:24:45]} 5. O-O {[%clk 1:32:02]} 5... Bg7 {
[%clk 1:25:08]} 6. Bb5+ {[%clk 1:32:19]} 6... Nc6 {[%clk 1:25:21]} 7. d4 {
[%clk 1:31:22]} 7... Qb6 {[%clk 1:25:42]} 8. Na3 {[%clk 1:15:37]} 8... cxd4 {
[%clk 1:20:00]} 9. cxd4 {[%clk 1:15:27]} 9... d5 {[%clk 1:20:14]} 10. exd5 {
[%clk 1:03:53]} 10... Nxd5 {[%clk 1:20:21]} 11. Qb3 {[%clk 1:02:37]} 11... Be6
{[%clk 1:08:46]} 12. Nc4 {[%clk 0:56:10]} 12... Qc7 {[%clk 1:01:13]} 13. Nce5 {
[%clk 0:41:39]} 13... O-O {[%clk 0:59:14]} 14. Bxc6 {[%clk 0:38:25]} 14... bxc6
{[%clk 0:54:44]} 15. Qa3 {[%clk 0:38:04]} 15... c5 {[%clk 0:40:44]} 16. Qxc5 {
[%clk 0:33:53]} 16... Qxc5 {[%clk 0:38:03]} 17. dxc5 {[%clk 0:34:22]} 17...
Rac8 {[%clk 0:35:55]} 18. Bd2 {[%clk 0:26:53]} 18... Rxc5 {[%clk 0:35:36]} 19.
Rac1 {[%clk 0:26:51]} 19... Rfc8 {[%clk 0:29:48]} 20. Rxc5 {[%clk 0:25:51]}
20... Rxc5 {[%clk 0:27:45]} 21. Rc1 {[%clk 0:26:11]} 21... Rxc1+ { [%clk
0:27:30]} 22. Bxc1 {[%clk 0:26:40]} 22... Nb6 {[%clk 0:26:35]} 23. b3 { [%clk
0:23:54]} 23... Bd5 {[%clk 0:26:56]} 24. Be3 {[%clk 0:21:54]} 24... e6 { [%clk
0:21:06]} 25. Kf1 {[%clk 0:20:34]} 25... Nc8 {[%clk 0:18:06]} 26. Nd3 { [%clk
0:15:15]} 26... Kf8 {[%clk 0:14:00]} 27. Ke2 {[%clk 0:15:00]} 27... Ke8 { [%clk
0:13:46]} 28. g3 {[%clk 0:14:33]} 28... Bb7 {[%clk 0:09:44]} 29. h4 { [%clk
0:11:18]} 29... h5 {[%clk 0:09:18]} 30. Nfe5 {[%clk 0:09:20]} 30... Bd5 { [%clk
0:07:08]} 31. Kd2 {[%clk 0:07:11]} 31... Be4 {[%clk 0:07:26]} 32. Nc4 { [%clk
0:04:40]} 32... Bd5 {[%clk 0:07:02]} 33. Nce5 {[%clk 0:04:41]} 1/2-1/2